Normal view
MARC view
- ISLAM-KHALAFAT-O-MOLOOKIAAT
Entry Topical Term
001 - CONTROL NUMBER
- control field: 64536
003 - CONTROL NUMBER IDENTIFIER
- control field: NUST
005 - DATE AND TIME OF LATEST TRANSACTION
- control field: 20210628203308.0
008 - FIXED-LENGTH DATA ELEMENTS
- fixed length control field: 210628|| aca||aabn | a|a d
040 ## - CATALOGING SOURCE
- Original cataloging agency: NUST
- Transcribing agency: NUST
150 ## - HEADING--TOPICAL TERM
- Topical term or geographic name entry element: ISLAM-KHALAFAT-O-MOLOOKIAAT
670 ## - SOURCE DATA FOUND
- Source citation: Work cat.: (NUST): Syed Abul Ala Moududi, Moududi, Abul Alla 64535, Khalafat-o-molookiaat, 2005
